000 00495nam a2200181Ia 4500
001 24285
005 20260414151033.0
008 260414t2012||||xx |||||||||||||| ||spa||
041 _aESP
082 _a345.2
_bP42 T. 1
100 _aPeña Cabrera Freyre, Alonso R.
_eAUT
245 0 _aDerecho procesal penal :
_bsistema acusatorio - teoría del caso - técnicas de litigación oral
260 _c2012
300 _a
_c24 cm.
650 _aDER
654 _aCDE
942 _cLIB
_dJUS
_fJUS
_2ddc
_n
999 _c24285
_d24285